Smart learning environments.
Saved in:
| Format: | Journal |
|---|---|
| Language: | English |
| Published: |
[Berlin] :
Springer,
2014-
|
| Subjects: | |
| Tags: |
Add Tag
No Tags, Be the first to tag this record!
|
| LEADER | 01666cas a2200421 i 4500 | ||
|---|---|---|---|
| 001 | 014166300-6 | ||
| 005 | 20171124191655.0 | ||
| 006 | m d | ||
| 008 | 150303c20149999gw ar pos 0|||a0eng d | ||
| 010 | |a 2017268678 | ||
| 022 | |a 2196-7091 |l 2196-7091 |2 6 | ||
| 035 | 0 | |a ocn905958819 | |
| 035 | |a (Mrcit)3350000000000825 | ||
| 042 | |a pcc | ||
| 210 | 0 | |a SMART LEARN ENVIRON | |
| 210 | 0 | |a Smart learn. environ. | |
| 222 | 0 | |a Smart learning environments | |
| 245 | 0 | 0 | |a Smart learning environments. |
| 264 | 1 | |a [Berlin] : |b Springer, |c 2014- | |
| 300 | |a 1 online resource | ||
| 310 | |a Annual | ||
| 336 | |a text |b txt |2 rdacontent | ||
| 337 | |a computer |b c |2 rdamedia | ||
| 338 | |a online resource |b cr |2 rdacarrier | ||
| 362 | 1 | |a Began with Volume 1 (2014). | |
| 500 | |a "The official journal of the International Association of Smart Learning Environments (IASLE)" | ||
| 515 | |a Articles are published online as soon as they are accepted and collected in an annual volume. | ||
| 588 | |a Description based on Volume 1 (2014); title from journal table of contents page (publisher's website, viewed October 26, 2017). | ||
| 588 | |a Latest issue consulted: Volume 4 (2017) (viewed October 26, 2017). | ||
| 650 | 0 | |a Educational technology |v Periodicals. | |
| 650 | 0 | |a Educational innovations |v Periodicals. | |
| 650 | 7 | |a Educational technology. |2 fast |0 (OCoLC)fst00903623 | |
| 650 | 7 | |a Educational innovations. |2 fast |0 (OCoLC)fst00903483 | |
| 655 | 0 | |a Electronic journals | |
| 655 | 7 | |a Periodicals. |2 fast |0 (OCoLC)fst01411641 | |
| 710 | 2 | |a International Association of Smart Learning Environments, |e issuing body. | |
| 988 | |a 20140919 | ||
| 906 | |0 MH | ||


